00678nam a2200241 a 4500001001300000003000900013005001700022008004100039020001000080082001700090100002000107245002300127260003600150300000900186500003500195505001900230650002000249700002000269902000800289942000700297952011700304999001500421nice12345678IN_TiNIC20260116011859.0050524s0000 caia grp 000 0 ara  ac10000a305.231bLID aLiddiard, Mabel aMurshadul Ummahat. aCairobNile Mission Pressc0000 a179p aincludes index and biblioraphy2 aReserve copies aChildren-Growth1 aLiddiard, Mabel bSRS cBK 001040708StackRoom-aHMIbHMId2007-07-31g100.00l0o305.231 LIDp05130r2007-07-31v100.00w2005-05-24yBK c4673d4673